000 00456nam a2200193Ia 4500
003 0100
008 130307s9999 xx 000 0 und d
040 _cARRUPELIB
050 _aJC389.F5 1965
100 _aFiggis, John Neville
245 4 _aThe divine right of kings
260 _aLondon
260 _bHarper and Row, Publishers
260 _c1965
300 _axxxviii
300 _b350p. 20cm.
650 _bWriting, Practicing
942 0 0 _07
999 _c101461
_d101461